CAD/CAM/CIM / (Record no. 26199)

000 -LEADER
fixed length control field 00548 a2200193 4500
008 - FIXED-LENGTH DATA ELEMENTS--GENERAL INFORMATION
fixed length control field 230425b ||||| |||| 00| 0 eng d
020 ## - INTERNATIONAL STANDARD BOOK NUMBER
International Standard Book Number 9789395161855
041 0# - LANGUAGE CODE
Language code of text/sound track or separate title eng
082 00 - DEWEY DECIMAL CLASSIFICATION NUMBER
Classification number 670.285
Item number R128
100 ## - MAIN ENTRY--PERSONAL NAME
Personal name Radhakrishnan, P.
9 (RLIN) 5454
245 ## - TITLE STATEMENT
Title CAD/CAM/CIM /
250 ## - EDITION STATEMENT
Edition statement 5th ed.
260 ## - PUBLICATION, DISTRIBUTION, ETC. (IMPRINT)
Name of publisher, distributor, etc New Age International Publishers,
Place of publication, distribution, etc New Delhi:
Date of publication, distribution, etc 2024.
300 ## - PHYSICAL DESCRIPTION
Extent xvi, 742 p.
650 #0 - SUBJECT ADDED ENTRY--TOPICAL TERM
Topical term or geographic name as entry element CAD/CAM Systems
700 ## - ADDED ENTRY--PERSONAL NAME
9 (RLIN) 5455
Personal name Subramanyan, S.
9 (RLIN) 5456
Personal name Raju, V.
942 ## - ADDED ENTRY ELEMENTS (KOHA)
Source of classification or shelving scheme
Item type Books
Holdings
Withdrawn status Lost status Source of classification or shelving scheme Damaged status Not for loan Permanent location Current location Shelving location Date acquired Source of acquisition Cost, normal purchase price Full call number Barcode Date last seen Cost, replacement price Koha item type
          IMU Kolkata IMU Kolkata Reference 2023-04-25 24 394.21 670.285 R128 13837 2023-04-25 499.00 Books
          IMU Kolkata IMU Kolkata   2023-04-25 24 394.21 670.285 R128 13838 2023-04-25 499.00 Books
          IMU Kolkata IMU Kolkata   2023-04-25 24 394.21 670.285 R128 13839 2023-04-25 499.00 Books
          IMU Kolkata IMU Kolkata   2023-04-25 24 394.21 670.285 R128 13840 2023-04-25 499.00 Books
          IMU Kolkata IMU Kolkata   2023-04-25 24 394.21 670.285 R128 13841 2023-04-25 499.00 Books
Designed and Maintained by IMU-KC Library, Kolkata Campus © Copyright All Rights Reserved

webs counters

Powered by Koha